| 000 | 01612ngm a22003257a 4500 | ||
|---|---|---|---|
| 005 | 20080723121347.0 | ||
| 007 | DVD | ||
| 008 | 080723t xxu||||| |||| 00| 0 eng d | ||
| 010 | _aDVD-000117-119 | ||
| 024 |
_aA2403 _c499.00 |
||
| 040 | _aDPL | ||
| 082 | _aDVD / ALAM | ||
| 245 |
_aAlamo, The _cProduced by Mark Johnson and John Lee Hancock |
||
| 300 |
_a2 Vidiodisc DVD (131 min.) _bSd., Col. _c4 3/4 in. _fDVD |
||
| 500 | _aReturn of the Legend: The making of The Alamo | ||
| 500 | _aAcademy Award winner Billy Bob Thornton (Best Adapted Screenplay, Sling Blade, 1996) | ||
| 538 | _aDolby Digital 5.1, Thai English DTS 5.1, Subtitles English, thai, Mandarin, Bahasa, Koren | ||
| 538 | _aPresentation Tupe: Widescrene, Foormat DVD 9-Dual Layer Single Side Disc, Aspect Ratio 2.35:1, Presentation Size 16x9 | ||
| 700 | _aJohnson, Mark | ||
| 700 | _aHancock, John Lee | ||
| 700 | _aQuaid, Dennis | ||
| 700 | _aThornton, Billy Bob | ||
| 700 | _aPatric, Jason | ||
| 700 | _aWilson, Patrick | ||
| 942 |
_2ddc _cCF _hDVD / ALAM |
||
| 999 |
_c14553 _d14553 |
||